书目信息 |
| 书名: | Nursing care of the patient with burns | |
| 作者: | ||
| 分册号: | ||
| 分册名: | 出版地: | Saint Louis : |
|
| 出版社: | C. V. Mosby Co | |
| 出版时间: | 1972. | |
| 页数: | ix, 147 p. : | |
| 开本: | 25 cm. | |
| 丛书名: | ||
| 中图分类号: | ||
| 科图分类号: | ||
| 其他分类号: | R644 | |
| 主题词: | ||
| 电子资源: | ||
| 000 | 00764cam a2200265 450 | |
| 001 | E0760293126 | |
| 005 | 20070506164740.06 | |
| 008 | 720216s1972 moua b 001 0 eng | |
| 010 | @a74175190 | |
| 020 | @a0801623952. | |
| 035 | @A(DLC) 74175190 | |
| 040 | @aDLC@cDLC@dDLC | |
| 050 | 00 | @aRD96.4@b.J33 |
| 082 | 00 | @a617/.11 |
| 090 | @aR644 | |
| 099 | @dR644@ex51 | |
| 100 | 1 | @aJacoby, Florence Greenhouse. |
| 245 | 10 | @aNursing care of the patient with burns. |
| 260 | @aSaint Louis :@bC. V. Mosby Co.,@c1972. | |
| 300 | @aix, 147 p. :@billus. ;@c25 cm. | |
| 504 | @aIncludes bibliographies. | |
| 650 | 0 | @aNursing. |
| 650 | 0 | @aBurns and scalds. |
| 906 | @a7@bcbc@corignew@d2@encip@f19@gy-gencatlg | |
| 991 | @bc-GenColl@hRD96.4@i.J33@tCopy 1@wBOOKS | |
| Nursing care of the patient with burns.-Saint Louis : : C. V. Mosby Co., , 1972. |
| ix, 147 p. : : illus. ; ; 25 cm. |
| Includes bibliographies. |
| ISBN 0801623952. |
| ● |
| 相关链接 |
|
|
|
|
正题名:Nursing care of the patient with burns
索取号:R644/x51
 
预约/预借
| 序号 | 登录号 | 条形码 | 馆藏地/架位号 | 状态 | 备注 |
| 1 | 0007560 | 300075601 | 第二样本阅览室/ [索取号:R644/x51] | 在馆 |